00328nam a2200133Ia 4500008004100000041000800041082001200049100002200061245001900083250001400102260003900116300003200155365000700187240624s9999 xx 000 0 und d aeng a339 BLA aBLANCHARD OLIVIER aMACROECONOMICS a(4th ed.) c2011aNew DelhibPearson Education axxiv, : 587 : p. : cm. ; 25 cRS